Rhymes With Grin - Statistics

General Stats
  • This quiz has been taken 516 times
    506 since last reset
  • The average score is 17 of 22
Answer Stats
Hint Answer % Correct
B Bin
99%
P Pin
99%
K Kin
98%
S Sin
98%
W Win
98%
F Fin
97%
G Gin
97%
I In
97%
T Tin
97%
D Din
96%
Y Yin
91%
C Chin
88%
I Inn
86%
T Thin
86%
S Shin
82%
S Spin
79%
S Skin
73%
T Twin
61%
B Been
40%
W When
29%
M Men
26%
T Then
22%
No matching quizzes found
Score Distribution
Percent of People with Each Score
Percentile by Number Answered
Your Score History
You have not taken this quiz since the last reset